Statistics for Harry Styles Lyrics

Click here to take the quiz!

General Stats

  • This quiz has been taken 195 times
  • The average score is 9 of 10

Answer Stats

HintAnswer% Correct
I'm having your baby
It's none of your business
Kiwi
99%
Welcome to the final show
Hope you're wearing your best clothes
You can't bribe the door on your way to the sky
Sign of the Times
99%
If I was a bluebird, I would fly to you
You'd be the spoon
Dip you in honey so I could be sticking to you
Daylight
96%
That she's gonna be an angel, just you wait and see
When it turns out she's a devil in between the sheets
Only Angel
96%
Hash brown, egg yolk
I will always love you
Keep Driving
94%
And I'm well aware I write too many songs about you
And the coffee's out
At the Beachwood Cafe
Falling
90%
I noticed that there's a piece of you in how I dress
Take it as a compliment
Cherry
88%
I can feel you take control (I can feel you take control)
Of who I am and all I've ever known
Loving you's the antidote
Golden
85%
Carry the feeling
Through Paris, all through Rome
Canyon Moon
81%
Sittin' in the garden, I'm a couple glasses in
I was tryna count up all the places we've been
Grapejuice
79%

Score Distribution

Percentile by Number Answered

Percent of People with Each Score

Your Score History

You have not taken this quiz